000 00940cab a2200265 4500
001 ABS48575
008 090401t1993 xxu||||| |||| 00| 0 eng d
035 _a(Sirsi) u67413
041 _aeng
100 _aBrown, G.R.
245 _aInvestment skill and portfolio management
260 _c1993
350 _a0
490 _aJournal of Property Valuation and Investment
_v11(3), 1993, 241-247(7)
520 _aDiscusses the need for change in the teaching of valuation in order to address the issues that have economic relevance in a market dominated by international institutional investors. References.
650 _aEDUCATION AND TRAINING
650 _aPERFORMANCE MEASUREMENT
650 _aPORTFOLIO MANAGEMENT
650 _aPROPERTY INVESTMENT
650 _aRISK
650 _aValuation
_96273
690 _aPROPERTY-COMMERCIAL PROPERTY-COMMERCIAL PROPERTY FINANCE AND INVESTMENT
942 _n0
948 _c04/03/1997
999 _c42187
_d42187